[Event "Tasmanian Open 2018"]
[Site "Burnie"]
[Date "2018.06.10"]
[Round "4.5"]
[White "BOOKAROF, Taso"]
[Black "SWAN, Owen"]
[Result "0-1"]
[WhiteElo "1293"]
[BlackElo "1073"]
[PlyCount "52"]
[EventDate "2018.06.09"]
[EventType "swiss"]
[EventRounds "6"]
[EventCountry "AUS"]
[SourceVersionDate "2018.06.09"]

1. d4 d5 2. g3 Nf6 3. Bg2 e6 4. Nf3 c5 5. O-O cxd4 6. Nxd4 Bc5 7. Nb5 a6 8.
N5c3 O-O 9. b3 Nc6 10. Bb2 b5 11. e3 Qe7 12. g4 Bd7 13. g5 Ne4 14. Nxe4 dxe4
15. g6 hxg6 16. Qd2 Qg5 17. Qc3 f6 18. b4 Bxb4 19. Qb3 Kf7 20. Kh1 Rh8 21. h3
a5 22. c3 Bd6 23. f4 exf3 24. Rg1 fxg2+ 25. Rxg2 Rxh3+ 26. Rh2 Rxh2# 0-1

[Event "Tasmanian Open 2018"]
[Site "Burnie"]
[Date "2018.06.10"]
[Round "4.6"]
[White "CAMPBELL, Andrew"]
[Black "CAMPBELL, Mitchell"]
[Result "1-0"]
[WhiteElo "801"]
[BlackElo "245"]
[PlyCount "61"]
[EventDate "2018.06.09"]
[EventType "swiss"]
[EventRounds "6"]
[EventCountry "AUS"]
[SourceVersionDate "2018.06.09"]

1. e4 e5 2. Nf3 Nc6 3. Nc3 Bb4 4. a3 Bc5 5. Bb5 a6 6. Ba4 Nf6 7. d3 b5 8. Bb3
Na5 9. Bd5 Bb7 10. Nxe5 Bxd5 11. Nxd5 O-O 12. b4 Bd4 13. Nxf7 Rxf7 14. c3 Bxc3+
15. Nxc3 Nc6 16. Bg5 Nd4 17. f4 Qe8 18. O-O Ne6 19. Bxf6 Rxf6 20. f5 Ng5 21.
Nd5 Rh6 22. Nxc7 Rc8 23. Nxa6 Rcc6 24. Qb3+ Nf7 25. a4 bxa4 26. Rxa4 Qe5 27. h3
Qd4+ 28. Rf2 Rc1+ 29. Kh2 Qe5+ 30. g3 Rg6 31. fxg6 1-0

[Event "Tasmanian Open 2018"]
[Site "Burnie"]
[Date "2018.06.10"]
[Round "4.7"]
[White "RUMLEY, William"]
[Black "PATRICK, John"]
[Result "1/2-1/2"]
[WhiteElo "1157"]
[BlackElo "199"]
[PlyCount "134"]
[EventDate "2018.06.09"]
[EventType "swiss"]
[EventRounds "6"]
[EventCountry "AUS"]
[SourceVersionDate "2018.06.09"]

1. e4 Nc6 2. Nf3 e5 3. Bc4 Nf6 4. Ng5 d5 5. exd5 Nxd5 6. Nxf7 Kxf7 7. Qf3+ Ke6
8. Nc3 Nce7 9. Qe4 c6 10. d4 Kd6 11. Qxe5+ Kd7 12. Nxd5 cxd5 13. Bb5+ Nc6 14.
Qxd5+ Kc7 15. Bf4+ Bd6 16. Bxd6+ Qxd6 17. Qxd6+ Kxd6 18. O-O-O Nxd4 19. Rxd4+
Kc5 20. Rhd1 Kxb5 21. a4+ Ka6 22. b4 b6 23. c4 Rb8 24. R1d2 b5 25. axb5+ Kb7
26. Re4 Ka8 27. Re7 Rb7 28. Rxb7 Bxb7 29. f3 Rc8 30. c5 Re8 31. c6 Bc8 32. Kb2
Re7 33. Kc3 Kb8 34. Kd4 Kc7 35. Kc5 Re5+ 36. Rd5 Re2 37. Rg5 Rc2+ 38. Kd4 g6
39. Kd3 Rb2 40. Kc3 Re2 41. h3 Bf5 42. Rg3 Re3+ 43. Kd4 Rd3+ 44. Kc4 h6 45. Rg4
Bxg4 46. Kxd3 Be6 47. Kd4 Kb6 48. Ke5 Bf5 49. g4 Bd3 50. Kf6 Be2 51. Kxg6 Bxf3
52. Kxh6 Be2 53. Kg5 Bxb5 54. Kf4 Kxc6 55. Ke5 Kd7 56. h4 Ke7 57. g5 Kf7 58. h5
Bd3 59. g6+ Kg7 60. Kd5 a6 61. Kc5 Be2 62. Kb6 Bxh5 63. Kxa6 Bf3 64. Ka7 Be2
65. Kb6 Kxg6 66. Kc5 Kf5 67. b5 Bxb5 1/2-1/2

[Event "Tasmanian Open 2018"]
[Site "Burnie"]
[Date "2018.06.10"]
[Round "5.1"]
[White "McMAHON, Denis"]
[Black "ROUT, Ian"]
[Result "1-0"]
[WhiteElo "1743"]
[BlackElo "1946"]
[PlyCount "28"]
[EventDate "2018.06.09"]
[EventType "swiss"]
[EventRounds "6"]
[EventCountry "AUS"]
[SourceVersionDate "2018.06.09"]

1. e4 e5 2. Bc4 Nf6 3. d4 exd4 4. Nf3 Bb4+ 5. c3 dxc3 6. bxc3 d5 7. exd5 Qe7+
8. Be3 Bc5 9. O-O Bxe3 10. fxe3 Qxe3+ 11. Kh1 O-O 12. h3 Ne4 13. Re1 Nf2+ 14.
Kg1 Nxd1+ 1-0

[Event "Tasmanian Open 2018"]
[Site "Burnie"]
[Date "2018.06.10"]
[Round "5.2"]
[White "BONHAM, Kevin"]
[Black "HARVEY, Reg"]
[Result "1-0"]
[WhiteElo "1940"]
[BlackElo "1688"]
[PlyCount "79"]
[EventDate "2018.06.09"]
[EventType "swiss"]
[EventRounds "6"]
[EventCountry "AUS"]
[SourceVersionDate "2018.06.09"]

1. e4 e5 2. Nf3 Nc6 3. Nc3 g6 4. d4 exd4 5. Nxd4 Bg7 6. Be3 Nf6 7. f4 d5 8. e5
Ne4 9. Nxc6 Nxc3 10. Nxd8 Nxd1 11. Rxd1 Bg4 12. Rxd5 Rxd8 13. Rxd8+ Kxd8 14.
Bc4 f6 15. exf6 Bxf6 16. c3 Re8 17. Kf2 a6 18. Re1 Kc8 19. Bd4 Rxe1 20. Kxe1
Bxd4 21. cxd4 Kd7 22. Kf2 b5 23. Bg8 h5 24. Ke3 Kd6 25. Bb3 a5 26. Bc2 Bf5 27.
Be4 c5 28. dxc5+ Kxc5 29. h3 b4 30. g4 hxg4 31. hxg4 Bxg4 32. Bxg6 Kd6 33. Bf7
a4 34. Kd4 Be2 35. Bc4 Bd1 36. f5 Ke7 37. Ke5 b3 38. a3 Bh5 39. Bb5 Be8 40.
Bxe8 1-0

[Event "Tasmanian Open 2018"]
[Site "Burnie"]
[Date "2018.06.10"]
[Round "5.3"]
[White "LEWIS, Nigel"]
[Black "COX, Aidan"]
[Result "0-1"]
[WhiteElo "1642"]
[BlackElo "1518"]
[PlyCount "68"]
[EventDate "2018.06.09"]
[EventType "swiss"]
[EventRounds "6"]
[EventCountry "AUS"]
[SourceVersionDate "2018.06.09"]

1. e4 d5 2. exd5 Qxd5 3. Nc3 Qd8 4. Nf3 Bg4 5. Be2 Nf6 6. d3 e6 7. Be3 Nbd7 8.
O-O c6 9. a3 Bd6 10. Ne4 Bc7 11. Ng3 O-O 12. c3 Qe7 13. Re1 Rfd8 14. h3 Bxf3
15. Bxf3 Ne5 16. Be2 Nc4 17. Qc1 Nxe3 18. Qxe3 Nd5 19. Qd2 Bf4 20. Qc2 Bxg3 21.
fxg3 Qg5 22. Kh2 f5 23. Bf3 f4 24. gxf4 Nxf4 25. Rad1 h5 26. d4 Rf8 27. Re5 Qh4
28. Qe4 g5 29. Rf1 Rf6 30. c4 Raf8 31. Qe3 g4 32. Bd1 Nxh3 33. Bf3 g3+ 34. Kh1
Nf2+ 0-1

[Event "Tasmanian Open 2018"]
[Site "Burnie"]
[Date "2018.06.10"]
[Round "5.4"]
[White "SWAN, Owen"]
[Black "CAMPBELL, Andrew"]
[Result "1-0"]
[WhiteElo "1073"]
[BlackElo "801"]
[PlyCount "51"]
[EventDate "2018.06.09"]
[EventType "swiss"]
[EventRounds "6"]
[EventCountry "AUS"]
[SourceVersionDate "2018.06.09"]

1. d4 Nf6 2. c4 c6 3. Nc3 d6 4. Qb3 g6 5. Nf3 Nbd7 6. e3 Bg7 7. Be2 e6 8. O-O
d5 9. Nd2 Qc7 10. e4 O-O 11. e5 Ne4 12. Ncxe4 dxe4 13. Nxe4 Nxe5 14. dxe5 Bxe5
15. Qh3 f5 16. Ng5 Qg7 17. c5 Bxb2 18. Bxb2 Qe7 19. f4 e5 20. Bc4+ Kg7 21.
Qxh7+ Kf6 22. Bxe5+ Qxe5 23. fxe5+ Kxe5 24. Qe7+ Kd4 25. Rac1 Be6 26. Nxe6+ 1-0

[Event "Tasmanian Open 2018"]
[Site "Burnie"]
[Date "2018.06.10"]
[Round "5.5"]
[White "LITTLE, Ian"]
[Black "BOOKAROF, Taso"]
[Result "1-0"]
[WhiteElo "1631"]
[BlackElo "1293"]
[PlyCount "69"]
[EventDate "2018.06.09"]
[EventType "swiss"]
[EventRounds "6"]
[EventCountry "AUS"]
[SourceVersionDate "2018.06.09"]

1. e4 d5 2. exd5 g6 3. d4 Bg7 4. Nf3 Nf6 5. c4 O-O 6. Be2 c6 7. dxc6 Nxc6 8.
O-O Ng4 9. h3 Nf6 10. Be3 Ne4 11. Nc3 Ng3 12. fxg3 Qd6 13. Bf2 Bf5 14. Qd2 Rad8
15. Rad1 e6 16. Nb5 Qd7 17. d5 exd5 18. cxd5 Ne7 19. Nc3 b6 20. Rfe1 Qb7 21. d6
Nc6 22. Qd5 Be6 23. Qe4 Bf5 24. Qf4 Bc2 25. Rd2 Bf5 26. Bb5 a6 27. Bxc6 Qxc6
28. Nd4 Qb7 29. Nxf5 gxf5 30. Qg5 f6 31. Qxf5 Rc8 32. Re7 Qb8 33. Qd7 Bh6 34.
Rxh7 Bg7 35. Qxg7# 1-0

[Event "Tasmanian Open 2018"]
[Site "Burnie"]
[Date "2018.06.10"]
[Round "5.6"]
[White "PATRICK, John"]
[Black "BEETON, Kerry"]
[Result "0-1"]
[WhiteElo "199"]
[BlackElo "1291"]
[PlyCount "42"]
[EventDate "2018.06.09"]
[EventType "swiss"]
[EventRounds "6"]
[EventCountry "AUS"]
[SourceVersionDate "2018.06.09"]

1. e4 Nf6 2. Nc3 d6 3. d4 c6 4. Bf4 Bg4 5. Be2 Bxe2 6. Ngxe2 Qa5 7. O-O Nbd7 8.
h3 h6 9. Qd3 O-O-O 10. Ng3 e5 11. dxe5 Nxe5 12. Bxe5 dxe5 13. Qe3 Bb4 14. Nf5
Bc5 15. Qc1 g5 16. Rd1 Rxd1+ 17. Qxd1 Rd8 18. Qf3 h5 19. Ng7 Rd6 20. Nf5 Rd2
21. Rc1 Rxf2 0-1

[Event "Tasmanian Open 2018"]
[Site "Burnie"]
[Date "2018.06.10"]
[Round "5.8"]
[White "CAMPBELL, Mitchell"]
[Black "BEETON, Luwanna"]
[Result "0-1"]
[WhiteElo "245"]
[BlackElo "299"]
[PlyCount "32"]
[EventDate "2018.06.09"]
[EventType "swiss"]
[EventRounds "6"]
[EventCountry "AUS"]
[SourceVersionDate "2018.06.09"]

1. e4 e5 2. Nf3 Nc6 3. d3 Nf6 4. Bg5 Be7 5. Qe2 O-O 6. Nc3 d5 7. O-O-O d4 8.
Nb5 a6 9. a4 axb5 10. axb5 Bb4 11. b3 Bc3 12. Nd2 Ra1+ 13. Nb1 Nb4 14. Re1 Na2+
15. Kd1 Rxb1+ 16. Bc1 Rxc1# 0-1

[Event "Tasmanian Open 2018"]
[Site "Burnie"]
[Date "2018.06.11"]
[Round "6.1"]
[White "ROUT, Ian"]
[Black "COX, Aidan"]
[Result "0-1"]
[WhiteElo "1946"]
[BlackElo "1518"]
[PlyCount "100"]
[EventDate "2018.06.09"]
[EventType "swiss"]
[EventRounds "6"]
[EventCountry "AUS"]
[SourceVersionDate "2018.06.09"]

1. d4 b6 2. c4 Bb7 3. a3 e6 4. Nc3 f5 5. d5 exd5 6. cxd5 Nf6 7. Bg5 Be7 8. e3
O-O 9. Nf3 Ne4 10. Bxe7 Qxe7 11. Bc4 d6 12. Rc1 Nd7 13. b4 Kh8 14. Nd4 Qg5 15.
O-O Rae8 16. Bb5 Nxc3 17. Rxc3 Bxd5 18. e4 fxe4 19. Bxd7 e3 20. f3 Re7 21. Bc6
e2 22. Nxe2 Bxc6 23. Rxc6 Qe3+ 24. Rf2 Qxa3 25. Rc4 Rfe8 26. h3 h6 27. Qc2 c5
28. bxc5 dxc5 29. Nf4 Re1+ 30. Kh2 Qe3 31. Ng6+ Kg8 32. Re4 Rxe4 33. fxe4 Rc1
34. Rf8+ Kh7 35. Qa4 Qg1+ 36. Kg3 Rc3+ 37. Rf3 Rxf3+ 38. Kxf3 Kxg6 39. Qd7 Qf1+
40. Ke3 Qf7 41. Qg4+ Kh7 42. e5 Qe7 43. e6 Kg8 44. Qe4 b5 45. Qa8+ Kh7 46. Qd5
Kg6 47. Ke4 Qh4+ 48. Kd3 Qd4+ 49. Qxd4 cxd4 50. Kxd4 Kf6 0-1

[Event "Tasmanian Open 2018"]
[Site "Burnie"]
[Date "2018.06.11"]
[Round "6.2"]
[White "SWAN, Owen"]
[Black "BONHAM, Kevin"]
[Result "0-1"]
[WhiteElo "1073"]
[BlackElo "1940"]
[PlyCount "64"]
[EventDate "2018.06.09"]
[EventType "swiss"]
[EventRounds "6"]
[EventCountry "AUS"]
[SourceVersionDate "2018.06.09"]

1. d4 d5 2. Nf3 e6 3. b3 c5 4. e3 Nc6 5. Be2 Nf6 6. O-O Bd7 7. Ne5 Bd6 8. f4
Ne4 9. c4 cxd4 10. cxd5 exd5 11. Nxc6 bxc6 12. Qxd4 O-O 13. Bb2 f6 14. Qd3 Qb6
15. Nd2 Nxd2 16. Qxd2 Bc5 17. Bd4 Rfe8 18. Rf3 Bxd4 19. exd4 Rxe2 20. Qxe2
Qxd4+ 21. Re3 Qxa1+ 22. Kf2 Qd4 23. Kg3 Kf8 24. Rd3 Qc5 25. Qh5 Kg8 26. b4 Qe7
27. b5 Re8 28. bxc6 Qe1+ 29. Kf3 Qe2+ 30. Kg3 Qxh5 31. cxd7 Rd8 32. Re3 Rxd7
0-1

[Event "Tasmanian Open 2018"]
[Site "Burnie"]
[Date "2018.06.11"]
[Round "6.3"]
[White "HARVEY, Reg"]
[Black "McMAHON, Denis"]
[Result "0-1"]
[WhiteElo "1688"]
[BlackElo "1743"]
[PlyCount "100"]
[EventDate "2018.06.09"]
[EventType "swiss"]
[EventRounds "6"]
[EventCountry "AUS"]
[SourceVersionDate "2018.06.09"]

1. d4 d6 2. f4 Nf6 3. e3 e5 4. dxe5 dxe5 5. Qxd8+ Kxd8 6. Bc4 exf4 7. Nf3 Be6
8. Bxe6 fxe6 9. Ne5 Ke8 10. exf4 Bc5 11. Nc3 Nbd7 12. Na4 Bd6 13. Nxd7 Kxd7 14.
O-O b5 15. Nc3 Bc5+ 16. Kh1 a6 17. Bd2 b4 18. Na4 Bd6 19. Rad1 Kc6 20. c4 Rhe8
21. Be3 Rad8 22. b3 Ne4 23. Rd4 Nf6 24. c5 Be7 25. Rfd1 Nd5 26. Bc1 Bf6 27.
R4d3 Nc3 28. Nxc3 Rxd3 29. Rxd3 Bxc3 30. Be3 Re7 31. g4 Rd7 32. Rxd7 Kxd7 33.
Kg2 Kc6 34. Kf3 Kd5 35. h4 Bd4 36. h5 Kxc5 37. Ke4 Bxe3 38. Kxe3 Kd5 39. g5 g6
40. hxg6 hxg6 41. Kd3 a5 42. Ke3 c6 43. Kd3 c5 44. Ke3 c4 45. bxc4+ Kxc4 46.
Ke4 a4 47. Ke5 b3 48. axb3+ axb3 49. Kxe6 b2 50. Kf6 b1=Q 0-1

[Event "Tasmanian Open 2018"]
[Site "Burnie"]
[Date "2018.06.11"]
[Round "6.5"]
[White "BEETON, Luwanna"]
[Black "LEWIS, Nigel"]
[Result "0-1"]
[WhiteElo "299"]
[BlackElo "1642"]
[PlyCount "92"]
[EventDate "2018.06.09"]
[EventType "swiss"]
[EventRounds "6"]
[EventCountry "AUS"]
[SourceVersionDate "2018.06.09"]

1. e4 e5 2. Nf3 d6 3. Bc4 Be7 4. O-O h6 5. d4 exd4 6. Qxd4 Nf6 7. Rd1 Nc6 8.
Bb5 Bd7 9. Bxc6 bxc6 10. Bf4 O-O 11. e5 dxe5 12. Bxe5 Be6 13. Bxf6 Bxf6 14.
Qxd8 Rfxd8 15. Nc3 Rd6 16. Rd3 Rad8 17. Rad1 Rxd3 18. Rxd3 Rxd3 19. cxd3 Bxc3
20. bxc3 Bxa2 21. Kf1 Be6 22. Ne5 c5 23. Nc6 a6 24. Na5 Kf8 25. Ke2 Ke7 26. Ke3
Kd6 27. d4 cxd4+ 28. cxd4 Bd5 29. g3 Ke6 30. Kd3 Kf5 31. Nc4 Bxc4+ 32. Kxc4 Ke4
33. Kc5 a5 34. Kb5 Kxd4 35. Kxa5 c5 36. Ka4 Kc3 37. f4 c4 38. Ka3 Kc2 39. h4 c3
40. Ka2 Kd2 41. Kb1 c2+ 42. Kb2 c1=Q+ 43. Kb3 Qc3+ 44. Ka2 Qb4 45. Ka1 Kc2 46.
Ka2 Qb2# 0-1

[Event "Tasmanian Open 2018"]
[Site "Burnie"]
[Date "2018.06.11"]
[Round "6.6"]
[White "BOOKAROF, Taso"]
[Black "RUMLEY, William"]
[Result "0-1"]
[WhiteElo "1293"]
[BlackElo "1157"]
[PlyCount "50"]
[EventDate "2018.06.09"]
[EventType "swiss"]
[EventRounds "6"]
[EventCountry "AUS"]
[SourceVersionDate "2018.06.09"]

1. d4 Nf6 2. g3 g6 3. Bg2 Bg7 4. Nf3 d6 5. O-O O-O 6. Nc3 Nbd7 7. b3 Re8 8. Qd3
e5 9. Qc4 Nb6 10. Qd3 e4 11. Qb5 exf3 12. Bxf3 Bd7 13. Qd3 c6 14. d5 cxd5 15.
Nb5 Ne4 16. Bg2 Nc5 17. Qf3 Bxb5 18. a4 Bxe2 19. Qf4 Bxf1 20. Bxf1 Bxa1 21. c4
Be5 22. Qf3 Qf6 23. Qe2 Bxg3 24. Qg4 Qxf2+ 25. Kh1 Qxf1# 0-1

[Event "Tasmanian Open 2018"]
[Site "Burnie"]
[Date "2018.06.11"]
[Round "6.7"]
[White "PATRICK, John"]
[Black "CAMPBELL, Mitchell"]
[Result "1-0"]
[WhiteElo "199"]
[BlackElo "245"]
[PlyCount "35"]
[EventDate "2018.06.09"]
[EventType "swiss"]
[EventRounds "6"]
[EventCountry "AUS"]
[SourceVersionDate "2018.06.09"]

1. e4 e5 2. Nf3 Nc6 3. Bc4 Nf6 4. Nc3 Bc5 5. h3 d6 6. d3 g6 7. Bg5 O-O 8. Bd5
Nb4 9. O-O Qe7 10. a3 Na6 11. Bc4 b6 12. Nd5 Qe6 13. Nxf6+ Qxf6 14. Bxf6 Be6
15. Qd2 Bxc4 16. Qh6 Bxf2+ 17. Rxf2 g5 18. Qg7# 1-0